Arénas des équipes de la LNH - Statistiques

Statistiques générales
  • Ce quiz a été pris 25 fois
  • Le résultat moyen est 9 sur 32
Statistiques - réponses
Équipe: Réponse: % Correct
Canadiens de Montréal Centre Bell
100%
Bruins de Boston TD Garden
67%
Rangers de New York Madison Square Garden
61%
Oilers d'Edmonton Rogers Place
39%
Maple Leafs de Toronto Scotiabank Arena
39%
Sénateurs d'Ottawa Centre Canadian Tire
33%
Sharks de San Jose SAP Center
33%
Golden Knights de Vegas T-Mobile Arena
33%
Capitals de Washington Capital One Arena
28%
Kings de Los Angeles Crypto.com
28%
Mammoth de l'Utah Delta Center
28%
Flames de Calgary Scotiabank Saddledome
28%
Islanders de New York UBS Arena
28%
Lightning de Tampa Bay Amalie Arena
22%
Kraken de Seattle Climate Pledge Arena
22%
Ducks d'Anaheim Honda Center
22%
Sabres de Buffalo KeyBank Center
22%
Canucks de Vancouver Rogers Arena
22%
Blackhawks de Chicago United Center
22%
Stars de Dallas American Airline Center
17%
Avalanche du Colorado Ball Arena
17%
Predators de Nashville Bridgestone Arena
17%
Blue Jackets de Colombus Nationwide Arena
17%
Penguins de Pittsburgh PPG Paints Arena
17%
Devils du New Jersey Prudential Center
17%
Jets de Winnipeg Canada Life Center
11%
Blue de St. Louis Enterprise Center
11%
Red Wings de Détroit Little Caesars Arena
11%
Hurricanes de la Caroline PNC Arena
11%
Flyers de Philadelphie Wells Fargo Center
11%
Wild du Minnesota Xcel Energy Center
11%
Panthers de la Floride Amerant Bank Arena
6%
Aucun quiz correspondant
Distribution des résultats
% des personnes avec chaque résultat
Percentile par nombre de réponses
Votre historique - résultats
Vous n’avez pas pris ce quiz